| 000 | 00882cam a2200265 4500 | ||
|---|---|---|---|
| 008 | 090401t1995 xxu||||| |||| 00| 0 eng d | ||
| 020 | _a0854066942 | ||
| 035 | _a(Sirsi) u62024 | ||
| 041 | _aeng | ||
| 050 |
_a333.337 _c18 |
||
| 090 | _aRICS 1995/71ABCD | ||
| 110 |
_aRoyal Institution of Chartered Surveyors _94900 |
||
| 245 |
_aCommercial property management _bcommercial property guidance note |
||
| 260 |
_aLondon _bRICS _c1995 |
||
| 300 |
_a12p. _c30cm. |
||
| 350 | _a7.95 | ||
| 490 | _aRICS Commercial Property Guidance Note | ||
| 490 | _aRICS Guidance Note | ||
| 650 | _aPROPERTY-COMMERCIAL PROPERTY-COMMERCIAL PROPERTY MANAGEMENT | ||
| 650 |
_aProperty management _96262 |
||
| 690 | _aPROPERTY-COMMERCIAL PROPERTY | ||
| 710 |
_aRoyal Institution of Chartered Surveyors _bCommercial Property Management Skills Panel _94496 |
||
| 942 | _n0 | ||
| 948 | _c04/03/1997 | ||
| 999 |
_c94366 _d94366 |
||